01561nam a2200325   4500003000900000005001700009008004100026017001400067040004600081041000800127082002800135092000700163099003600170100004400206245009600250264006600346300002700412336002200439337002400461338003300485504010800518546010200626650004100728856005700769905001300826942001900839999001700858952018000875952018001055EG-GICUC20260121101218.0251113s2014    ua ||||fr|||| 00| 0 ara d  a201417054  a EG-GICUCbarac EG-GICUCd EG-GICUCerda0 aara04221a341.851bا ح . ت04221  aLaw1 12	341.851 ا ح . ت	20140 aاحمد رشاد سلامeمؤلف.12aالتحكيم فى منازعات القانون الجوى /cاحمد رشاد سلام. 1aالقاهرة :bدار النهضة العربية،c2014.  a303؛صفحةc24 سم  2rda contentatext  2rda mediaaComputer  2rda carrieraOnline Resource  aيحتوي على ارجاعات ببليوجرافية
يحتوي على قائمة بالمراجع  aالنص أغلبه باللغة العربية مع بعض النصوص الإنجليزية1 aالتحكيم - قانون دولي40uhttps://fll.law.cu.edu.eg/fulltext/bks/B12-01061.pdf  a75eYara  2ddcn0cBKe21  c43077d43077  00102ddc40718القانون الدولي الخاصaCUbLAW1d2025-11-13l0oLaw1 12	341.851 ا ح . ت	2014 1201061	C1pB12-01061r2025-11-13 15:08:29t1w2025-11-13yBK  00102ddc40708القانون الدولي الخاصaCUbLAW1d2025-11-13l0oLaw1 12	341.851 ا ح . ت	2014 1201062	C2pB12-01062r2025-11-13 15:08:58t2w2025-11-13yBK